NCAA Logo #14 - Statistics

General Stats
  • This quiz has been taken 23 times
  • The average score is 13 of 16
Answer Stats
Picture Answer % Correct
Clemson
100%
Florida International
100%
Massachusetts
100%
New Mexico
100%
Rhode Island
100%
Temple
100%
Villanova
100%
Virginia
100%
Liberty
88%
Ohio
81%
Saint Peters
69%
Charleston
63%
Ferris State
50%
Illinois State
50%
Loyola-Maryland
50%
Alaska Fairbanks
44%
No matching quizzes found
Score Distribution
Percent of People with Each Score
Percentile by Number Answered
Your Score History
You have not taken this quiz